Zwycięzcy „Złota Piłka” na Pucharze Świata - Statystyki

Ogólne statystyki
  • Ten quiz został rozwiązany 1 644 razy
  • Średni wynik to 12 z 63
Statystyki odpowiedzi
Rok Najlepszy gracz % Poprawnych
2014 Najlepiej Lionel Messi
96%
1998 Najlepiej Ronaldo
92%
2. Ronaldo
92%
2018 Najlepiej Luka Modrić
84%
1970 Najlepiej Pelé
55%
2. Pelé
55%
1986 Najlepiej Diego Maradona
49%
3. Diego Maradona
49%
2006 Najlepiej Zinedine Zidane
49%
3. Gerd Müller
42%
2. Thomas Müller
41%
3. Antoine Griezmann
39%
3. Hong Myung-bo
31%
2. Fabio Cannavaro
30%
3. David Villa
28%
2010 Najlepiej Diego Forlán
26%
3. Arjen Robben
24%
2. Franz Beckenbauer
22%
2. Eden Hazard
21%
1954 Najlepiej Ferenc Puskás
21%
1962 Najlepiej Garrincha
21%
3. Kazimierz Deyna
21%
1974 Najlepiej Johan Cruyff
20%
2002 Najlepiej Oliver Kahn
19%
2. Roberto Baggio
18%
2. Wesley Sneijder
17%
3. Eusébio
16%
1994 Najlepiej Romário
16%
1966 Najlepiej Bobby Charlton
13%
2. Lothar Matthäus
13%
1982 Najlepiej Paolo Rossi
13%
2. Paolo Rossi
13%
3. Andrea Pirlo
12%
2. Bobby Moore
10%
2. Davor Šuker
8%
1978 Najlepiej Mario Kempes
7%
3. Hristo Stoichkov
5%
3. Just Fontaine
5%
1938 Najlepiej Leônidas
5%
1934 Najlepiej Giuseppe Meazza
4%
3. Karl-Heinz Rummenigge
4%
3. Lilian Thuram
3%
1990 Najlepiej Salvatore Schillaci
3%
1958 Najlepiej Didi
2%
2. Guillermo Stábile
2%
3. Leonel Sánchez
2%
2. Sandór Kocsis
2%
3. Ademir
1%
2. Falcão
1%
2. Harald Schumacher
1%
2. Josef Masopust
1%
1930 Najlepiej José Nasazzi
1%
2. Juan Alberto Schiaffino
1%
3. Oldřich Nejedlý
1%
2. Silvio Piola
1%
1950 Najlepiej Zizinho
1%
3. Dirceu
0%
3. Fritz Walter
0%
2. Gérson
0%
3. György Sárosi
0%
3. José Leandro Andrade
0%
2. Matthias Sindelar
0%
3. Preben Elkjær Larsen
0%
Nie znaleziono quizów pasujących do podanych kryteriów
Rozkład punktacji
Procent ludzi z każdym wynikiem
Percentyl według liczby udzielonych odpowiedzi
Twoja historia wyników
Nie rozwiązałeś tego quizu